00425cam a22001452 4500001001100000005001700011008004100028040001500069050001800084100002900102245006400131260002800195300001200223600004400235000000045620151217155801.0070202s xx 000 0 eng d aKABUcKABU 0aDT351b.S7S361 aScott, E. P.@000014865410aStanley and his heroic relief of Emin Pasha /cE. P. Scott. aLondon :bDean,c[n.d.] a246, p.10aStanley, Henry Morton, Sir.@0000148655